|
|
|
|
| LEADER |
00664nam a2200253 4500 |
| 001 |
DLU040000340 |
| 005 |
##11/2/1998 |
| 041 |
# |
# |
|a eng
|
| 082 |
# |
# |
|a 621.382
|b MA-J
|
| 100 |
# |
# |
|a Martin, James,
|d 1933-
|
| 245 |
# |
# |
|a Telecommunications and the computer /
|c James Martin
|
| 250 |
# |
# |
|a 3rd ed.
|
| 260 |
# |
# |
|a Englewood Cliffs, N.J. :
|b Prentice Hall,
|c c1990
|
| 300 |
# |
# |
|a xvi, 720 p. :
|b ill. (some col.) ;
|c 25 cm
|
| 504 |
# |
# |
|a Includes bibliographies and indexes
|
| 992 |
# |
# |
|a 29500
|
| 994 |
# |
# |
|a DLU
|
| 900 |
# |
# |
|a True
|
| 911 |
# |
# |
|a Thái Thị Thanh Thủy
|
| 925 |
# |
# |
|a G
|
| 926 |
# |
# |
|a A
|
| 927 |
# |
# |
|a SH
|
| 980 |
# |
# |
|a Thư viện Trường Đại học Đà Lạt
|